Statistics for Top 25 of All-Time: Cleveland Cavaliers

Click here to take the quiz!

General Stats

  • This quiz has been taken 13 times
  • The average score is 12 of 25

Answer Stats

HintAnswer% Correct
23LeBron James
100%
2Kyrie Irving
92%
0Kevin Love
85%
25Mark Price
85%
45Donovan Mitchell
77%
31Jarrett Allen
77%
30Mike Mitchell
77%
10Darius Garland
69%
7Bingo Smith
62%
43Brad Daugherty
54%
11Zydrunas Ilgauskas
54%
18Hot Rod Williams
46%
2Mo Williams
46%
17Anderson Varejão
38%
22Larry Nance
38%
13Tristan Thompson
38%
21World B. Free
31%
34Austin Carr
23%
32John Johnson
15%
19Lenny Wilkens
15%
4Shawn Kemp
15%
24Andre Miller
8%
20Campy Russell
8%
11Terrell Brandon
8%
32Tyrone Hill
0%

Score Distribution

Percentile by Number Answered

Percent of People with Each Score

Your Score History

You have not taken this quiz